[Event "Skanderborg Smuk Skak GM 2024"]
[Site "Skanderborg"]
[Date "2024.08.17"]
[Round "1.1"]
[White "Pajeken, Jakob Leon"]
[Black "Aczel, Gergely"]
[Result "1/2-1/2"]
[WhiteElo "2416"]
[BlackElo "2485"]
[WhiteFideId "12942839"]
[BlackFideId "727709"]
[EventDate "2024.08.17"]
[EventType "tourn"]
[EventRounds "9"]
[EventCountry "DEN"]
[SourceTitle "Live v. Skanderborg Skakklub"]

1. e4 c6 2. d4 d5 3. e5 c5 4. Nf3 cxd4 5. Qxd4 Nc6 6. Qf4 Nh6 7. Nc3 g6 8. Bb5 a6 9. Bxc6+ bxc6 10. Be3 Rb8 11. O-O Bg7 12. Qa4 O-O 13. Nd4 Bd7 14. Bxh6 Bxh6 15. Nxc6 Bxc6 16. Qxc6 e6 17. Rab1 Rb6 18. Qc5 Qb8 19. Na4 Rb5 20. Qd6 Qxd6 21. exd6 Rd8 22. Rfd1 Bf8 23. Rbc1 Bxd6 24. g3 Ra5 25. b3 Ba3 26. Rb1 Rc8 27. Rd2 Rc6 28. Rbd1 Rb5 29. Kf1 Rb8 30. c3 Be7 31. Rd3 Rbc8 32. Rf3 Kg7 33. c4 dxc4 34. bxc4 Rxc4 35. Nb6 Rc1 36. Nxc8 Rxd1+ 37. Ke2 Rd7 38. Nxe7 Rxe7 39. Ra3 Ra7 40. h4 a5 41. Ke3 Kf6 42. Rc3 Rd7 43. Rc5 Rd5 44. Rc7 Re5+ 45. Kf3 h6 46. a4 g5 47. hxg5+ hxg5 48. Ra7 Rc5 49. Ke3 g4 50. Kd4 Rd5+ 51. Ke4 Rf5 52. Ke3 Kg6 53. Ke2 Re5+ 54. Kd3 f6 55. Rc7 Rf5 56. Ke2 Rd5 57. Ke3 f5 58. Ra7 Kf6 59. Ra6 Ke5 60. Rc6 Kf6 61. Ra6 Ke7 62. Ra7+ Kd6 63. Ra6+ Kd7 64. Ra7+ Ke8 65. Kf4 Kd8 66. Kg5 Rd7 67. Rxa5 Ke7 68. Kf4 Kf6 69. Ke3 Rc7 70. Ra8 Rc3+ 71. Ke2 Ra3 72. a5 Ke5 73. Kf1 Ke4 74. Kg2 e5 75. a6 Ra1 76. Ra7 Ra3 77. Ra8 Ra2 78. Ra7 Ra3 1/2-1/2

[Event "Skanderborg Smuk Skak GM 2024"]
[Site "Skanderborg"]
[Date "2024.08.17"]
[Round "1.2"]
[White "Solodovnichenko, Yuri"]
[Black "Thybo, Jesper Sondergaard"]
[Result "0-1"]
[WhiteElo "2491"]
[BlackElo "2554"]
[WhiteFideId "14104369"]
[EventDate "2024.08.17"]
[EventType "tourn"]
[EventRounds "9"]
[EventCountry "DEN"]
[SourceTitle "Live v. Skanderborg Skakklub"]

1. e4 e5 2. Nf3 Nc6 3. d4 exd4 4. Nxd4 Nf6 5. Nxc6 bxc6 6. Bd3 d5 7. Qe2 Be7 8. e5 Nd7 9. O-O O-O 10. Bf4 Nc5 11. Nd2 a5 12. Rfe1 a4 13. Nf3 Nxd3 14. Qxd3 c5 15. c4 c6 16. Rad1 Be6 17. h3 h6 18. Nh2 Rb8 19. Bc1 Qc8 20. Qg3 Kh7 21. Ng4 Rd8 22. Qd3+ Kh8 23. Ne3 Rb4 24. g4 Bg5 25. Nf5 dxc4 26. Qc2 Bxc1 27. Rxc1 Rd3 28. Nd6 Qb8 29. Rcd1 Rxh3 30. Kg2 Rd3 31. Rxd3 cxd3 32. Qxd3 Rxg4+ 33. Kf1 Qb4 34. a3 Qf4 35. Re4 Qc1+ 36. Re1 Rg1+ 37. Kxg1 Qxe1+ 38. Kg2 Bd5+ 39. Kh3 Qxe5 40. Qg3 Qh5+ 41. Qh4 Qf3+ 42. Qg3 Qh1+ 43. Kg4 Be6+ 44. Kf4 Qd5 0-1

[Event "Skanderborg Smuk Skak GM 2024"]
[Site "Skanderborg"]
[Date "2024.08.17"]
[Round "1.3"]
[White "Fromm, Marius"]
[Black "Vinther Schou, Uffe"]
[Result "1-0"]
[WhiteElo "2447"]
[BlackElo "2340"]
[WhiteFideId "12993190"]
[EventDate "2024.08.17"]
[EventType "tourn"]
[EventRounds "9"]
[EventCountry "DEN"]
[SourceTitle "Live v. Skanderborg Skakklub"]

1. e4 d5 2. exd5 Qxd5 3. Nc3 Qa5 4. d4 Nf6 5. Nf3 Bf5 6. Bc4 e6 7. Bd2 Bb4 8. a3 Bxc3 9. Bxc3 Qb6 10. b3 Nc6 11. O-O O-O 12. a4 a5 13. Bb2 Rfd8 14. Qe2 Be4 15. c3 Bd5 16. Ba3 Bxc4 17. bxc4 Qa6 18. Rfe1 Re8 19. Rab1 h6 20. h3 Rad8 21. g4 Ne7 22. Ne5 Nd7 23. f4 Nxe5 24. fxe5 Qc6 25. Rb5 b6 26. Rf1 Rd7 27. h4 Nc8 28. h5 Na7 29. g5 hxg5 30. h6 g6 31. Qf2 Kh7 32. Qf6 Rg8 33. Be7 Rxe7 34. Qxe7 Kxh6 35. Rb2 Qe8 36. Rxf7 1-0

[Event "Skanderborg Smuk Skak GM 2024"]
[Site "Skanderborg"]
[Date "2024.08.17"]
[Round "1.4"]
[White "Kosakowski, Jakub"]
[Black "Kanov, Nikola Krasimirov"]
[Result "1/2-1/2"]
[WhiteElo "2501"]
[BlackElo "2414"]
[WhiteFideId "1185080"]
[EventDate "2024.08.17"]
[EventType "tourn"]
[EventRounds "9"]
[EventCountry "DEN"]
[SourceTitle "Live v. Skanderborg Skakklub"]

1. e4 e6 2. d4 d5 3. Nd2 c5 4. Ngf3 cxd4 5. Nxd4 Nc6 6. Bb5 Bd7 7. Nxc6 bxc6 8. Bd3 Qc7 9. Qe2 Ne7 10. O-O Ng6 11. g3 Ne5 12. Re1 Nxd3 13. Qxd3 Be7 14. c4 Rd8 15. exd5 cxd5 16. cxd5 Bc6 17. Qc3 Rxd5 18. Qxg7 Rf8 19. Nf3 Bb7 20. Bg5 Rxg5 21. Nxg5 Bxg5 22. Rxe6+ Be7 23. Re3 Qc6 24. f3 Qc5 25. Re1 Bd5 26. Kg2 Be6 27. Qxh7 Qd4 28. Qc2 Rh8 29. Rd3 Qf6 30. Rb3 Kf8 31. Rb8+ Kg7 32. Rxh8 Kxh8 33. Qc3 Qxc3 34. bxc3 Bf6 35. Rc1 Bxa2 36. Ra1 Be6 37. Rxa7 Bxc3 38. g4 Kg7 39. h3 Kg6 40. f4 Bd5+ 41. Kh2 f5 42. Ra6+ Kg7 43. Rd6 Be4 44. Rd7+ Kg6 45. Rd1 Bb4 46. Kg3 Bc2 47. Ra1 Bd3 48. Rd1 Bc2 49. Rd4 Be1+ 50. Kf3 Be4+ 51. Ke2 Bg3 52. Ke3 Bh2 53. Rd6+ Kg7 54. Rd1 Bg2 55. g5 Be4 56. h4 Kg6 57. Rd6+ Kh5 58. g6 Bg1+ 59. Ke2 Kh6 60. h5 Bh2 61. Ke3 Bg1+ 62. Ke2 Bh2 63. Rd8 Bxf4 64. Rh8+ Kg7 65. Rh7+ Kg8 66. h6 Bxh6 67. Rxh6 Kg7 68. Rh5 Kxg6 69. Rxf5 Kxf5 1/2-1/2

[Event "Skanderborg Smuk Skak GM 2024"]
[Site "Skanderborg"]
[Date "2024.08.18"]
[Round "2.1"]
[White "Pajeken, Jakob Leon"]
[Black "Solodovnichenko, Yuri"]
[Result "1/2-1/2"]
[WhiteElo "2416"]
[BlackElo "2491"]
[WhiteFideId "12942839"]
[BlackFideId "14104369"]
[EventDate "2024.08.17"]
[EventType "tourn"]
[EventRounds "9"]
[EventCountry "DEN"]
[SourceTitle "Live v. Skanderborg Skakklub"]

1. e4 e5 2. Bc4 d6 3. Nf3 Nc6 4. d4 Nf6 5. dxe5 dxe5 6. Qxd8+ Nxd8 7. O-O Bd6 8. Nc3 Be6 9. Bxe6 Nxe6 10. Be3 Ng4 11. Bd2 O-O-O 12. h3 Nf6 13. Rfe1 Rhe8 14. Be3 a6 15. Ng5 Nxg5 16. Bxg5 Bb4 17. Bxf6 gxf6 18. Re3 Rd2 19. Rc1 Bxc3 20. Rxc3 Re2 21. Re3 Rxe3 22. fxe3 Kd7 23. Rd1+ Ke6 24. Kf2 h5 25. g3 Rh8 26. Kf3 a5 27. a4 h4 28. g4 Rb8 29. c4 Ra8 30. Rd5 c6 31. Rd3 b6 32. b3 Ke7 33. Rd2 Rb8 34. Rd3 Rb7 35. Rd2 Rd7 36. Rxd7+ Kxd7 37. c5 b5 38. Ke2 bxa4 39. bxa4 Ke7 1/2-1/2

[Event "Skanderborg Smuk Skak GM 2024"]
[Site "Skanderborg"]
[Date "2024.08.18"]
[Round "2.2"]
[White "Thybo, Jesper Sondergaard"]
[Black "Fromm, Marius"]
[Result "1-0"]
[WhiteElo "2554"]
[BlackElo "2447"]
[WhiteFideId "1438832"]
[BlackFideId "12993190"]
[EventDate "2024.08.17"]
[EventType "tourn"]
[EventRounds "9"]
[EventCountry "DEN"]
[SourceTitle "Live v. Skanderborg Skakklub"]

1. Nf3 Nf6 2. g3 b6 3. d4 Bb7 4. c4 g6 5. Bg2 Bg7 6. O-O O-O 7. d5 Na6 8. Nc3 Nc5 9. Re1 a5 10. e4 d6 11. e5 Nfd7 12. Bf4 dxe5 13. Nxe5 Nxe5 14. Bxe5 Bxe5 15. Rxe5 Re8 16. Qe2 Rc8 17. Re1 Kf8 18. Qe3 f6 19. Qh6+ Kg8 20. R5e3 c6 21. g4 Qd7 22. g5 f5 23. h4 e6 24. dxc6 Bxc6 25. Bxc6 Rxc6 26. Nd5 Rf8 27. Nf6+ Rxf6 28. gxf6 Qf7 29. h5 Qxf6 30. Rd1 Rc8 31. Rg3 f4 32. Rg4 Rd8 33. Rxd8+ Qxd8 34. hxg6 1-0

[Event "Skanderborg Smuk Skak GM 2024"]
[Site "Skanderborg"]
[Date "2024.08.18"]
[Round "2.3"]
[White "Vinther Schou, Uffe"]
[Black "Kosakowski, Jakub"]
[Result "0-1"]
[WhiteElo "2340"]
[BlackElo "2501"]
[WhiteFideId "1400568"]
[BlackFideId "1185080"]
[EventDate "2024.08.17"]
[EventType "tourn"]
[EventRounds "9"]
[EventCountry "DEN"]
[SourceTitle "Live v. Skanderborg Skakklub"]

1. c4 e5 2. g3 Nf6 3. Bg2 c6 4. d4 exd4 5. Qxd4 Na6 6. Nc3 d5 7. cxd5 Nb4 8. Qd1 Nbxd5 9. Bd2 Bc5 10. Nf3 O-O 11. O-O Re8 12. Rc1 Bb6 13. Qc2 h6 14. Rfd1 Bxf2+ 15. Kh1 Qe7 16. Nh4 Ne3 17. Qb1 Nxd1 18. Rxd1 Be3 19. Be1 Be6 20. Rd3 Bg5 21. Rf3 Rad8 22. Qc2 Nd5 23. Bf2 Nxc3 0-1

[Event "Skanderborg Smuk Skak GM 2024"]
[Site "Skanderborg"]
[Date "2024.08.18"]
[Round "2.4"]
[White "Kanov, Nikola Krasimirov"]
[Black "Olsen, Filip Boe"]
[Result "1/2-1/2"]
[WhiteElo "2414"]
[BlackElo "2431"]
[WhiteFideId "2928531"]
[BlackFideId "1440640"]
[EventDate "2024.08.17"]
[EventType "tourn"]
[EventRounds "9"]
[EventCountry "DEN"]
[SourceTitle "Live v. Skanderborg Skakklub"]

1. c4 e6 2. g3 d5 3. Bg2 a6 4. b3 d4 5. Nf3 c5 6. e3 Nc6 7. exd4 cxd4 8. O-O Nf6 9. d3 Bd6 10. Na3 O-O 11. Nc2 e5 12. Bg5 h6 13. Bxf6 Qxf6 14. Nd2 Qg6 15. Qe2 Bg4 16. f3 Bd7 17. Ne4 Be7 18. Rab1 a5 19. a3 Rfe8 20. Rb2 f5 21. Nd2 h5 22. Qf2 h4 23. Re1 f4 24. g4 a4 25. Ne4 axb3 26. Rxb3 Nd8 27. Nb4 Be6 28. Nd5 Bxd5 29. cxd5 Rxa3 30. Rxa3 Bxa3 31. Qxh4 Nf7 32. g5 Be7 33. Qg4 Nd6 34. h4 Nxe4 35. fxe4 Bf8 36. Bh3 Qa6 37. Rd1 g6 38. Qd7 Re7 39. Qd8 Qa2 40. d6 Rf7 41. Rf1 Qe2 42. Be6 Kh8 43. Bxf7 Qg4+ 44. Kh1 Qxh4+ 45. Kg1 Qg3+ 46. Kh1 Qh3+ 47. Kg1 Qg3+ 48. Kh1 Qh3+ 49. Kg1 1/2-1/2

[Event "Skanderborg Smuk Skak GM 2024"]
[Site "Skanderborg"]
[Date "2024.08.18"]
[Round "2.5"]
[White "Aczel, Gergely"]
[Black "Licznerski, Lukasz"]
[Result "1/2-1/2"]
[WhiteElo "2485"]
[BlackElo "2427"]
[WhiteFideId "727709"]
[BlackFideId "1179250"]
[EventDate "2024.08.17"]
[EventType "tourn"]
[EventRounds "9"]
[EventCountry "DEN"]
[SourceTitle "Live v. Skanderborg Skakklub"]

1. d4 Nf6 2. c4 g6 3. g3 Bg7 4. Bg2 d5 5. cxd5 Nxd5 6. e4 Nb6 7. Ne2 e5 8. d5 c6 9. O-O O-O 10. a4 a5 11. Nec3 Na6 12. Na3 Nb4 13. Be3 cxd5 14. exd5 Bf5 15. Qd2 e4 16. Bxb6 Qxb6 17. Nxe4 Bxe4 18. Bxe4 f5 19. Bf3 f4 20. g4 Rad8 21. Nc4 Qa6 22. Rac1 Nc6 23. Qd3 Nd4 24. Rfe1 Qf6 25. Ne5 Qb6 26. Rc4 Ne6 27. Nc6 Nc5 28. Ne7+ Kh8 29. Qc2 Nd7 30. Re6 Qxb2 31. Qxb2 Bxb2 32. Rc7 Ba3 33. d6 Nc5 34. Rxg6 Na6 35. Rxb7 Rxd6 36. Rxd6 Bxd6 37. Nf5 Bc5 38. Rb5 Bb4 39. Be4 Re8 40. f3 Nc5 41. Nd6 Re6 42. Rb6 Kg7 43. Bd5 Re1+ 44. Kg2 Kf6 45. Nc4+ Kg7 46. Nxa5 Nd3 47. Rb7+ Kh6 48. Nc6 Bc5 49. Bc4 Re2+ 50. Kh3 Rf2 51. Bxd3 Rxf3+ 52. Kg2 Rxd3 53. Ne5 Re3 54. Nf3 Re2+ 55. Kh3 Re3 56. Kg2 Re2+ 57. Kh3 Re3 58. g5+ Kh5 59. Rxh7+ Kg6 60. Rh6+ Kf5 61. Rf6+ Ke4 62. Kg4 Rxf3 63. Re6+ Kd5 64. Kxf3 Kxe6 65. Ke4 f3 66. Kxf3 Kf5 67. h4 Bb4 68. Ke2 Ba5 69. Kd3 Be1 70. Kc4 1/2-1/2

[Event "Skanderborg Smuk Skak GM 2024"]
[Site "Skanderborg"]
[Date "2024.08.19"]
[Round "3.1"]
[White "Fromm, Marius"]
[Black "Pajeken, Jakob Leon"]
[Result "1-0"]
[WhiteElo "2447"]
[BlackElo "2416"]
[WhiteFideId "12993190"]
[BlackFideId "12942839"]
[EventDate "2024.08.17"]
[EventType "tourn"]
[EventRounds "9"]
[EventCountry "DEN"]
[SourceTitle "Live v. Skanderborg Skakklub"]

1. c4 Nf6 2. Nf3 b6 3. g3 Bb7 4. Bg2 c5 5. d4 cxd4 6. Qxd4 Nc6 7. Qf4 g6 8. O-O Bg7 9. Nc3 Rc8 10. b3 O-O 11. Bb2 d5 12. Rad1 e6 13. Nb5 Nh5 14. Qd2 a6 15. Bxg7 Nxg7 16. cxd5 Ne7 17. Nc3 Nxd5 18. Nxd5 Bxd5 19. Qb2 Qe7 20. Ne5 Bxg2 21. Kxg2 Rc7 22. Rd2 f6 23. Nc4 b5 24. Nd6 Rd8 25. Rfd1 Rcd7 26. Ne4 Rxd2 27. Rxd2 Rxd2 28. Qxd2 f5 29. Ng5 Ne8 30. h4 Nc7 31. Qc3 e5 32. Qc6 e4 33. a4 bxa4 34. bxa4 e3 35. f4 Qd8 36. Kh2 Qd2 37. Qc4+ Kh8 38. h5 gxh5 39. Nf7+ Kg7 40. Ne5 Nd5 41. Qxa6 Nf6 42. Qc4 Ng4+ 43. Kg2 Nxe5 44. fxe5 Qa5 45. Qd4 Qd2 46. Qc4 Qa5 47. Qb5 Qe1 48. Qd7+ Kg8 49. Qe6+ Kg7 50. Qf6+ Kg8 51. Qg5+ Kh8 52. Qxe3 h4 53. e6 h3+ 54. Kh2 f4 55. gxf4 1-0

[Event "Skanderborg Smuk Skak GM 2024"]
[Site "Skanderborg"]
[Date "2024.08.19"]
[Round "3.2"]
[White "Solodovnichenko, Yuri"]
[Black "Aczel, Gergely"]
[Result "1-0"]
[WhiteElo "2491"]
[BlackElo "2485"]
[WhiteFideId "14104369"]
[BlackFideId "727709"]
[EventDate "2024.08.17"]
[EventType "tourn"]
[EventRounds "9"]
[EventCountry "DEN"]
[SourceTitle "Live v. Skanderborg Skakklub"]

1. d4 Nf6 2. c4 e6 3. Bf4 d5 4. cxd5 Nxd5 5. Bg3 c5 6. e4 Nf6 7. Nd2 Nc6 8. dxc5 Bxc5 9. e5 Nd5 10. Ngf3 O-O 11. Bd3 b6 12. a3 f5 13. exf6 Qxf6 14. Ne4 Qxb2 15. O-O Nd4 16. Nfg5 h6 17. Nxc5 bxc5 18. Ne4 Nc3 19. Nxc3 Qxc3 20. Rc1 Qxa3 21. Bd6 Ba6 22. Bxa6 Qxa6 23. Bxf8 Ne2+ 24. Kh1 Nxc1 25. Bxg7 Kxg7 26. Qg4+ Kh7 27. Qe4+ Kg7 28. Qe5+ Kh7 29. Rxc1 Rc8 30. Ra1 Qb7 31. Qxe6 c4 32. Rd1 Rc7 33. Qf5+ Kg7 34. Rd6 Re7 35. Qf6+ Kh7 36. Qg6+ 1-0

[Event "Skanderborg Smuk Skak GM 2024"]
[Site "Skanderborg"]
[Date "2024.08.20"]
[Round "4.1"]
[White "Pajeken, Jakob Leon"]
[Black "Kosakowski, Jakub"]
[Result "1/2-1/2"]
[WhiteElo "2416"]
[BlackElo "2501"]
[WhiteFideId "12942839"]
[BlackFideId "1185080"]
[EventDate "2024.08.17"]
[EventType "tourn"]
[EventRounds "9"]
[EventCountry "DEN"]
[SourceTitle "Live v. Skanderborg Skakklub"]

1. e4 c6 2. d4 d5 3. Nd2 dxe4 4. Nxe4 Nf6 5. Nxf6+ exf6 6. Bc4 Na6 7. Ne2 Bd6 8. O-O O-O 9. Bxa6 bxa6 10. Bf4 Be7 11. Qd3 Qa5 12. Ng3 Be6 13. Bd2 Qb5 14. Qxb5 axb5 15. Rfe1 Rfd8 16. c3 a5 17. a3 Bf8 18. Bf4 b4 19. Ne4 bxc3 20. bxc3 a4 21. Bc7 Rd5 22. Bb6 Bf5 23. Bc5 Bxe4 24. Bxf8 Kxf8 25. Rxe4 Rb5 26. c4 Rb3 27. d5 cxd5 28. cxd5 Rd3 29. g3 f5 30. Rb4 g6 31. Rc1 Ra7 32. d6 Rxd6 33. Rcc4 Rd3 34. Rxa4 Rxa3 35. Rxa7 Rxa7 36. h4 Kg7 37. Kg2 Ra2 38. Rb4 Re2 39. Kf3 Re1 40. Ra4 h6 41. Ra5 Kf6 42. Ra6+ Re6 43. Ra5 g5 44. Ra4 Kg6 45. hxg5 hxg5 46. Ra5 Rb6 47. Ra4 Rc6 48. Rb4 Ra6 49. Rb5 Ra4 50. Rb6+ f6 51. Rb5 Re4 52. Rb8 Re1 53. Kg2 Rd1 54. Rb4 Kf7 55. Rb6 Ke7 56. Kf3 Rd3+ 57. Kg2 Rd6 58. Rb8 Rd4 59. Rb6 f4 60. gxf4 Rxf4 61. Kg3 Kf7 62. Ra6 Kg6 63. Rb6 Ra4 64. Rb5 f5 65. f3 Ra3 66. Kg2 Ra2+ 67. Kh3 Kf6 68. Kg3 f4+ 69. Kh3 Rf2 70. Rf5+ Kxf5 1/2-1/2

[Event "Skanderborg Smuk Skak GM 2024"]
[Site "Skanderborg"]
[Date "2024.08.20"]
[Round "4.5"]
[White "Aczel, Gergely"]
[Black "Kanov, Nikola Krasimirov"]
[Result "1/2-1/2"]
[WhiteElo "2485"]
[BlackElo "2414"]
[WhiteFideId "727709"]
[BlackFideId "2928531"]
[EventDate "2024.08.17"]
[EventType "tourn"]
[EventRounds "9"]
[EventCountry "DEN"]
[SourceTitle "Live v. Skanderborg Skakklub"]

1. d4 Nf6 2. c4 e6 3. Nc3 Bb4 4. e3 O-O 5. Bd2 d5 6. Nf3 Nbd7 7. cxd5 exd5 8. Qb3 c5 9. dxc5 a5 10. Be2 Nxc5 11. Qd1 Nfe4 12. O-O Bxc3 13. Bxc3 Nxc3 14. bxc3 b6 15. Rb1 Bb7 16. Qd4 Qc7 17. Rfc1 Rfe8 18. h3 Rad8 19. Bd3 h6 20. Bc2 Ba6 21. Rb2 Rd6 22. Qd1 Rf6 23. Nd4 Qe5 24. Nf3 Qc7 25. Nd4 Bc8 26. Bb1 Re5 27. Nf3 Rh5 28. Rd2 g6 29. Rxd5 Rxd5 30. Qxd5 Bb7 31. Qe5 Qxe5 32. Nxe5 Rd6 33. Bc2 Kg7 34. Nc4 Rc6 35. Rb1 Nd7 36. Bd3 Ba6 37. Nb2 Bxd3 38. Nxd3 Rxc3 39. Nf4 Rc2 40. a3 Ra2 41. Nd5 Rxa3 42. Nxb6 Ne5 43. f4 Nd3 44. Kh2 a4 45. Rd1 Nb2 46. Rb1 Ra2 47. Nd5 Nc4 48. Rb4 Nd2 49. Nc3 Rc2 50. Nxa4 Nf1+ 51. Kg1 Nxe3 52. g4 h5 53. gxh5 gxh5 54. Rb5 Rc4 55. Re5 Rxa4 56. Rxe3 Rxf4 57. Kg2 Kg6 58. Re5 Ra4 59. Kg3 Ra3+ 60. Kh4 f6 61. Rb5 Re3 62. Rb4 Re5 63. Rb3 Re4+ 64. Kg3 Kg5 65. Rb5+ Re5 66. h4+ Kf5 67. Rb3 Re4 68. Rb5+ Re5 69. Rb3 Rd5 70. Kf3 Rd4 71. Rb5+ Kg6 72. Kg3 Rd3+ 73. Kg2 Ra3 74. Rc5 Re3 75. Ra5 Re5 76. Ra4 Rb5 77. Ra3 Kf5 78. Kf3 Rc5 79. Rb3 Ra5 80. Rc3 Ra4 81. Rc5+ Kg6 82. Kg3 Rg4+ 83. Kh3 Ra4 84. Kg3 Rg4+ 85. Kh3 f5 86. Rc6+ Kg7 87. Rc7+ Kf6 88. Rc6+ Kg7 89. Rc7+ Kh6 90. Rc6+ Rg6 91. Rc5 f4 92. Rf5 Rg4 93. Rf6+ Kg7 94. Rf5 Kg6 95. Rf8 Rg3+ 96. Kh2 Rg4 97. Kh3 Rg3+ 98. Kh2 Rg4 1/2-1/2

[Event "Skanderborg Smuk Skak GM 2024"]
[Site "Skanderborg"]
[Date "2024.08.21"]
[Round "5.2"]
[White "Kosakowski, Jakub"]
[Black "Solodovnichenko, Yuri"]
[Result "1-0"]
[WhiteElo "2501"]
[BlackElo "2491"]
[WhiteFideId "1185080"]
[BlackFideId "14104369"]
[EventDate "2024.08.17"]
[EventType "tourn"]
[EventRounds "9"]
[EventCountry "DEN"]
[SourceTitle "Live v. Skanderborg Skakklub"]

1. e4 e5 2. Nf3 Nc6 3. d4 exd4 4. Nxd4 Nf6 5. Nxc6 bxc6 6. Bd3 d5 7. exd5 cxd5 8. O-O Be7 9. c4 O-O 10. Nc3 Be6 11. cxd5 Nxd5 12. Nxd5 Qxd5 13. Qc2 Qh5 14. Bf4 Bf6 15. Rad1 c5 16. Bd6 Rfd8 17. Be2 Qh6 18. Bxc5 Bd5 19. Be3 Qg6 20. Qxg6 hxg6 21. Rxd5 Rxd5 22. Bf3 Rad8 23. Bxd5 Rxd5 24. b3 a5 25. Rc1 Bb2 26. Rc8+ Kh7 27. Kf1 Ba3 28. Ke2 Bb4 29. Rc4 g5 30. Rd4 Re5 31. Kd3 Kg6 32. h4 gxh4 33. Rg4+ Kf5 34. Rxg7 Ke6 35. Rg5 f5 36. Rg6+ Kf7 37. Bd4 Kxg6 38. Bxe5 Kg5 39. Ke2 Kg4 40. f3+ Kg5 41. Bc7 1-0

[Event "Skanderborg Smuk Skak GM 2024"]
[Site "Skanderborg"]
[Date "2024.08.21"]
[Round "5.3"]
[White "Fromm, Marius"]
[Black "Aczel, Gergely"]
[Result "1-0"]
[WhiteElo "2447"]
[BlackElo "2485"]
[WhiteFideId "12993190"]
[BlackFideId "727709"]
[EventDate "2024.08.17"]
[EventType "tourn"]
[EventRounds "9"]
[EventCountry "DEN"]
[SourceTitle "Live v. Skanderborg Skakklub"]

1. e4 c6 2. d4 d5 3. exd5 cxd5 4. Nf3 Nc6 5. c3 Qc7 6. c4 e6 7. Nc3 Bb4 8. Bd3 dxc4 9. Bxc4 Nf6 10. O-O O-O 11. Qe2 Bxc3 12. bxc3 b6 13. Bd3 Bb7 14. Bg5 Ne7 15. Ne5 Ng6 16. c4 Nxe5 17. dxe5 Qc6 18. f3 Qc5+ 19. Kh1 Nd7 20. Bf4 Qd4 21. Bg3 Nc5 22. Bc2 Qc3 23. Rac1 Qa3 24. Bh4 Rfe8 25. Rcd1 Qc3 26. Be1 Qa3 27. Bb1 Qa4 28. Bh4 Nd7 29. Bc2 Qc6 30. Rd6 Qc7 31. Bxh7+ Kxh7 32. Qd3+ Kg8 33. Rxd7 Qc6 34. Qd4 Ba6 35. Rc1 Rec8 36. Qg4 Qc5 37. Bf6 Qf8 38. Rd4 Rc5 39. Qh5 gxf6 40. Rg4+ Qg7 41. Rxg7+ Kxg7 42. Qg4+ Kh6 43. Qh4+ Kg7 44. exf6+ Kg6 45. Qe4+ 1-0

[Event "Skanderborg Smuk Skak GM 2024"]
[Site "Skanderborg"]
[Date "2024.08.21"]
[Round "5.4"]
[White "Licznerski, Lukasz"]
[Black "Thybo, Jesper Sondergaard"]
[Result "1/2-1/2"]
[WhiteElo "2427"]
[BlackElo "2554"]
[WhiteFideId "1179250"]
[BlackFideId "1438832"]
[EventDate "2024.08.17"]
[EventType "tourn"]
[EventRounds "9"]
[EventCountry "DEN"]
[SourceTitle "Live v. Skanderborg Skakklub"]

1. e4 e5 2. Nf3 Nc6 3. Bb5 Nf6 4. O-O Nxe4 5. Re1 Nd6 6. Nxe5 Be7 7. Bf1 Nxe5 8. Rxe5 O-O 9. d4 Bf6 10. Re1 Nf5 11. d5 Re8 12. Rxe8+ Qxe8 13. Qd3 d6 14. Nd2 c6 15. Ne4 Be5 16. c3 cxd5 17. Qxd5 Ne7 18. Qb5 Qxb5 19. Bxb5 d5 20. Ng5 Bf6 21. h3 a6 22. Ba4 Nc6 23. Be3 Ne5 24. Bd4 Nd3 25. Bc2 Nxb2 26. Re1 Bf5 27. Bxf5 Bxg5 28. Re5 Bf6 29. Rxd5 Na4 30. Bxf6 gxf6 31. c4 Re8 32. Rd7 b6 33. Bg4 Kf8 34. Kf1 Re7 35. Rd6 Kg7 36. Bf3 a5 37. a3 Rc7 38. Bd5 Nb2 39. Rxb6 Nxc4 40. Bxc4 Rxc4 41. Rb5 Ra4 42. Rb3 Re4 43. Rb5 Ra4 44. Rb3 Re4 45. Rb5 1/2-1/2

[Event "Skanderborg Smuk Skak GM 2024"]
[Site "Skanderborg"]
[Date "2024.08.22"]
[Round "6.3"]
[White "Thybo, Jesper Sondergaard"]
[Black "Kanov, Nikola Krasimirov"]
[Result "1/2-1/2"]
[WhiteElo "2554"]
[BlackElo "2414"]
[WhiteFideId "1438832"]
[BlackFideId "2928531"]
[EventDate "2024.08.17"]
[EventType "tourn"]
[EventRounds "9"]
[EventCountry "DEN"]
[SourceTitle "Live v. Skanderborg Skakklub"]

1. Nf3 c5 2. c4 Nc6 3. d4 cxd4 4. Nxd4 Nf6 5. Nc3 e6 6. e4 Bb4 7. Nxc6 bxc6 8. Bd3 e5 9. O-O O-O 10. h3 Qe7 11. Be3 Rd8 12. Qc2 h6 13. Rad1 Bb7 14. a3 Bxc3 15. Qxc3 d5 16. Qb4 Qxb4 17. axb4 dxc4 18. Bxc4 Nxe4 19. Rxd8+ Rxd8 20. Re1 Nd2 21. Be2 Nb3 22. Bxa7 Ra8 23. Bb6 Ra4 24. Bd3 Ba6 25. b5 Bxb5 26. Bc2 Ra1 27. Rxa1 Nxa1 28. Bd1 Bc4 29. Ba4 Bb5 30. Bd1 Bc4 31. Ba4 Bb5 32. Bd1 1/2-1/2

[Event "Skanderborg Smuk Skak GM 2024"]
[Site "Skanderborg"]
[Date "2024.08.22"]
[Round "6.4"]
[White "Solodovnichenko, Yuri"]
[Black "Olsen, Filip Boe"]
[Result "1-0"]
[WhiteElo "2491"]
[BlackElo "2431"]
[WhiteFideId "14104369"]
[BlackFideId "1440640"]
[EventDate "2024.08.17"]
[EventType "tourn"]
[EventRounds "9"]
[EventCountry "DEN"]
[SourceTitle "Live v. Skanderborg Skakklub"]

1. e4 c5 2. Nf3 d6 3. Bb5+ Nd7 4. a4 Nf6 5. Nc3 g6 6. a5 a6 7. Bc4 Bg7 8. Bxf7+ Kxf7 9. Ng5+ Kg8 10. Ne6 Qe8 11. Nc7 Qf7 12. Nxa8 h6 13. O-O Kh7 14. d3 g5 15. Be3 Ne5 16. Nb6 Be6 17. f3 Nh5 18. d4 cxd4 19. Bxd4 Nf4 20. Ncd5 Nxf3+ 21. Qxf3 Bxd4+ 22. Kh1 Rf8 23. c3 Bg7 24. Nxf4 gxf4 25. Nd5 Be5 26. g3 fxg3 27. Qxf7+ Rxf7 28. Rxf7+ Bxf7 29. hxg3 Bxg3 30. Nxe7 Bb3 31. Nf5 Be5 32. Nd4 Bc4 33. Rd1 h5 34. Kg2 Kg6 35. Nf3 Bf4 36. Kf2 Bb5 37. Nh4+ Kg5 38. Nf5 Ba4 39. Rd4 Bc6 40. Kf3 Bc1 41. b3 Bb2 42. Rd3 h4 43. Nxd6 Bc1 44. Nf7+ Kf6 45. Nd8 Bb5 46. c4 Be8 47. Kg4 Ba3 48. e5+ Ke7 49. Nxb7 Bc6 50. Nd8 Be4 51. Rd4 Bg2 52. Kxh4 Bb4 53. e6 Bd6 54. Kg5 Bf3 55. Rxd6 1-0

[Event "Skanderborg Smuk Skak GM 2024"]
[Site "Skanderborg"]
[Date "2024.08.22"]
[Round "6.5"]
[White "Aczel, Gergely"]
[Black "Vinther Schou, Uffe"]
[Result "0-1"]
[WhiteElo "2485"]
[BlackElo "2340"]
[WhiteFideId "727709"]
[BlackFideId "1400568"]
[EventDate "2024.08.17"]
[EventType "tourn"]
[EventRounds "9"]
[EventCountry "DEN"]
[SourceTitle "Live v. Skanderborg Skakklub"]

1. c4 g6 2. d4 Bg7 3. Nc3 c5 4. d5 Nf6 5. e4 d6 6. h3 O-O 7. Nf3 e6 8. Be3 Na6 9. Be2 Nc7 10. a4 e5 11. Nd2 Kh8 12. h4 h5 13. f3 Na6 14. g4 Nb4 15. Nf1 Nh7 16. gxh5 gxh5 17. Qd2 f5 18. exf5 Bxf5 19. Ne4 Qd7 20. Nfg3 Bg6 21. b3 Rf4 22. Kf2 Raf8 23. Kg2 Qe7 24. Raf1 Bh6 25. Rh2 Rg8 26. Kf2 Nf6 27. Ke1 Qf8 28. Rhf2 Bxe4 29. Nxe4 Nxe4 30. fxe4 Rxf2 31. Bxh6 Rxf1+ 32. Bxf1 Nc2+ 33. Qxc2 Qxh6 34. Qe2 Qc1+ 35. Kf2 Qf4+ 36. Ke1 Qxh4+ 37. Kd2 Rf8 0-1